000 00197nam a22000977a 4500
082 _a621.3815 CHA'F
245 _aCHATTE, PERVAZ
260 _aLAHORE
_bALHAMRA
_c1983
300 _a151P
942 _cBK
999 _c580626
_d580626